000 00747cam a22002773a 4500
001 26537
003 PGUSA
005 20140828083555.0
008 080905s2008||||xxu|||||s|||||000 1 eng d
040 _aPGUSA
_beng
042 _adc
050 4 _aPZ
050 4 _aPS
100 1 _aMeigs, Cornelia,
_d1884-1973
245 1 4 _aThe Windy Hill
_h[electronic resource] /
_cCornelia Meigs
260 _bProject Gutenberg,
_c2008
506 _aPublic domain in the USA.
516 _aElectronic text
653 _aBoys -- Fiction
653 _aRunaway teenagers -- Fiction
653 _aAdventure stories
653 _aMystery fiction
830 0 _aProject Gutenberg
_v26537
856 4 0 _uhttp://www.gutenberg.org/ebooks/26537
942 _cEB
999 _c255792
_d255792